00852nam a22002412a 450000100060000000300080000600500170001400800410003103500190007204000420009104100080013308200220014110000360016324500610019926000390026030000240029950400370032365000460036065000260040694200120043299900170044495201490046134582BD-RjUL20211209052201.0140518t1969 nyu b 001 0 eng d a(BD-RjUL)34676 aDLCcDLCdOCLdUKMdEQOdBD-RjULbeng aeng a300.182bCOS 19691 aCohen, Jacob,d1923-199892260610aStatistical power analysis for the behavioral sciences / aNew York :bAcademic Press,c1969. axv, 415 p. ;c24 cm aIncludes bibliography and index. 0aSocial sciencesxStatistical methods9904 0aProbabilities9105206 2ddccBK c34582d34582 00102ddc40718NFICaRUCLbRUCLcReadingd1977-04-15eW. Heffer and sonsg12.20l0o300.182 COS 1969r2014-05-18 00:00:00tC-1w2014-05-18yBK